| 000 | 00927nam a2200253 i 4500 | ||
|---|---|---|---|
| 001 | 115247 | ||
| 003 | ES-MaACL | ||
| 005 | 20251209105356.0 | ||
| 007 | t| | ||
| 008 | 070227s1907 sp a |||| | spa d | ||
| 080 | _a821.134.2-32"18" | ||
| 100 | 1 |
_aBurgos, Carmen de, _d1867-1932 _932646 |
|
| 245 | 1 | 3 |
_aEl tesoro del castillo _b: novela / _cpor Carmen de Burgos SeguĂ (Colombine) ; ilustraciones de Pedrero. |
| 260 |
_aMadrid : _bEl Cuento Semanal, _c1907. |
||
| 300 |
_a20 p. : _bil. ; _c26 cm. |
||
| 490 | 1 |
_aEl Cuento Semanal ; _v25 |
|
| 530 | _aDisponible en formato digital. | ||
| 700 | 1 |
_aPedrero, Mariano, _d1865-1927 _989908 |
|
| 830 | 0 | 3 |
_aEl cuento semanal _v25 _9185957 |
| 852 |
_aES-MaACL _jG-4439(25) _cDEPO2 |
||
| 856 | 4 |
_uhttps://www.bibliotecadigitaldeandalucia.es/catalogo/es/consulta/registro.do?id=1042376 _y(Biblioteca Virtual de AndalucĂa) |
|
| 942 | _2udc | ||
| 999 |
_c115247 _d115247 |
||